| 000 -LEADER |
| fixed length control field |
02193cam a22003857i 4500 |
| 001 - CONTROL NUMBER |
| control field |
18232187 |
| 003 - CONTROL NUMBER IDENTIFIER |
| control field |
NUST |
| 005 - DATE AND TIME OF LATEST TRANSACTION |
| control field |
20170718153646.0 |
| 008 - FIXED-LENGTH DATA ELEMENTS--GENERAL INFORMATION |
| fixed length control field |
140718s2013 enka b 001 0 eng d |
| 010 ## - LIBRARY OF CONGRESS CONTROL NUMBER |
| LC control number |
2014412807 |
| 015 ## - NATIONAL BIBLIOGRAPHY NUMBER |
| National bibliography number |
GBB372987 |
| Source |
bnb |
| 016 7# - NATIONAL BIBLIOGRAPHIC AGENCY CONTROL NUMBER |
| Record control number |
016426987 |
| Source |
Uk |
| 020 ## - INTERNATIONAL STANDARD BOOK NUMBER |
| International Standard Book Number |
9781849195591 (hardback) |
| 020 ## - INTERNATIONAL STANDARD BOOK NUMBER |
| International Standard Book Number |
1849195595 (hardback) |
| 020 ## - INTERNATIONAL STANDARD BOOK NUMBER |
| Canceled/invalid ISBN |
9781849195621 (PDF) |
| 020 ## - INTERNATIONAL STANDARD BOOK NUMBER |
| Canceled/invalid ISBN |
1849195625 (PDF) |
| 035 ## - SYSTEM CONTROL NUMBER |
| System control number |
(OCoLC)ocn827083130 |
| 040 ## - CATALOGING SOURCE |
| Original cataloging agency |
YDXCP |
| Language of cataloging |
eng |
| Description conventions |
rda |
| Transcribing agency |
YDXCP |
| Modifying agency |
BWK |
| -- |
CDX |
| -- |
CUV |
| -- |
UKMGB |
| -- |
FTU |
| -- |
OCLCF |
| -- |
COD |
| -- |
NLE |
| -- |
OCLCQ |
| -- |
DLC |
| 042 ## - AUTHENTICATION CODE |
| Authentication code |
lccopycat |
| 050 00 - LIBRARY OF CONGRESS CALL NUMBER |
| Classification number |
TK1001 |
| Item number |
.A26 2013 |
| 082 04 - DEWEY DECIMAL CLASSIFICATION NUMBER |
| Classification number |
621 ACH |
| 100 1# - MAIN ENTRY--PERSONAL NAME |
| Personal name |
Acha, Salvador. |
| 9 (RLIN) |
3400 |
| 245 10 - TITLE STATEMENT |
| Title |
Modelling distributed energy resources in energy service networks / |
| Statement of responsibility, etc. |
Salvador Acha. |
| 264 #1 - PRODUCTION, PUBLICATION, DISTRIBUTION, MANUFACTURE, AND COPYRIGHT NOTICE |
| Place of production, publication, distribution, manufacture |
London : |
| Name of producer, publisher, distributor, manufacturer |
Institution of Engineering and Technology, |
| Date of production, publication, distribution, manufacture, or copyright notice |
2013. |
| 300 ## - PHYSICAL DESCRIPTION |
| Extent |
xviii, 207 pages : |
| Other physical details |
illustrations ; |
| Dimensions |
25 cm. |
| 336 ## - CONTENT TYPE |
| Content type term |
text |
| Source |
rdacontent |
| 337 ## - MEDIA TYPE |
| Media type term |
unmediated |
| Source |
rdamedia |
| 338 ## - CARRIER TYPE |
| Carrier type term |
volume |
| Source |
rdacarrier |
| 490 1# - SERIES STATEMENT |
| Series statement |
IET renewable energy series ; |
| Volume/sequential designation |
16 |
| 500 ## - GENERAL NOTE |
| General note |
H.B |
| 504 ## - BIBLIOGRAPHY, ETC. NOTE |
| Bibliography, etc. note |
Includes bibliographical references (pages 189-203) and index. |
| 505 0# - FORMATTED CONTENTS NOTE |
| Formatted contents note |
Foreword -- Preface -- Abbreviations -- Symbols -- Challenges in effectively managing energy resources, infrastructures and conversion technologies -- Integrated modelling review -- Modelling of energy service networks -- Modelling embedded technologies in energy service networks -- Time-coordinated optimal power flow for energy service networks -- Optimising DERs in energy service networks: a case study -- Modelling electric vehicle mobility in energy service networks -- Concluding remarks -- Appendix A Urban agglomeration data -- Appendix B UK energy flow analysis -- Appendix C Electrical load flow code -- Appendix D Natural gas load flow code -- Appendix E OLTC derivatives -- Appendix F Per unit system values -- Appendix G KKT optimality conditions -- Appendix H Newton's method -- References -- Index. |
| 650 #0 - SUBJECT ADDED ENTRY--TOPICAL TERM |
| Topical term or geographic name entry element |
Electric power production. |
| 9 (RLIN) |
3401 |
| 830 #0 - SERIES ADDED ENTRY--UNIFORM TITLE |
| Uniform title |
IET renewable energy series ; |
| Volume/sequential designation |
16. |
| 9 (RLIN) |
3402 |
| 906 ## - LOCAL DATA ELEMENT F, LDF (RLIN) |
| a |
7 |
| b |
cbc |
| c |
copycat |
| d |
2 |
| e |
ncip |
| f |
20 |
| g |
y-gencatlg |
| 942 ## - ADDED ENTRY ELEMENTS (KOHA) |
| Source of classification or shelving scheme |
|
| Koha item type |
Book |
| Call number prefix |
IESE |